000 00755 a2200277 4500
001 116951
020 _a9780345453747
020 _qbroch.
041 _aeng
082 _a823
092 _aY S ADAMS
250 _a1st Ballantine Books ed.
505 _tThe hitchhiker's guide to the galaxy -
596 _a31 37
697 _aHumorous stories, English
856 _u000027/000027b4.jpg
040 _aNTG
_cNTG
_dFZD
090 _aYear 8 823
_bADA
100 _aAdams, Douglas
_d1952-2001
245 1 0 _aThe ultimate hitchhiker's guide to the galaxy
_cDouglas Adams
260 _aNew York
_bBallantine
_c2002
300 _axvi, 815 pages
_c25 cm
338 _2rdacarrier
_avolume
_bvolume
600 _aDent, Arthur
_vFiction
942 _cBK
999 _c116951
_d116951